000 00558nam a2200169Ia 4500
008 110201s9999 xx 000 0 und d
082 _bB1641
_aS 117
100 _aपंडीत बाळ ज.
245 _aदि लिटल मास्टर
260 _bमेहता पब्लिशिंग हाऊस
365 _b25
600 _aपंडीत बाळ ज.
630 _aदि लिटल मास्टर
700 _aपंडीत बाळ ज.
730 _aदि लिटल मास्टर
942 _cBOOK
999 _c828836
_d828833